000 01390nam a2200277 i 4500
005 20240305165359.0
007 cr|||| ||||
008 060208s2005 sp 000 0 spa d
020 _a8473512391
035 _a6617
040 _aBUS
_dvLex
090 _c3413
_d3413
245 0 3 _aLa gobernanza hoy
_h[Recurso electrónico] :
_b10 textos de referencia /
_ccoordinación y traducción a cargo de Agustí Cerrillo i Martínez.
256 _aServicio en línea
260 _aMadrid :
_bInstituto Nacional de Administración Pública,
_c2006.
300 _a1 recurso electrónico
490 1 _aEstudios goberna /Instituto Nacional de Administración Pública (España)
506 1 _aContenido solo disponible ne los productos indicados
_dvLex Global
_dvLex Global (Academic Edition, excluding Law Schools)
_dvLex Global (U.S. Academic Edition, Law Schools)
_dvLex Global (U.S. Academic Edition, excluding Law Schools)
_dvLex Global (Academic Edition, Law Schools)
650 0 4 _aPlanificación política.
700 1 _aCerrillo i Martínez, Agustí,
_eed. lit.
710 2 _aInstituto Nacional de Administración Pública (España)
740 0 _avLex Libros (Servicio en línea)
810 2 _aInstituto Nacional de Administración Pública (España).
_tEstudios goberna.
856 4 0 _uhttps://app.vlex.com/#/sources/gobernanza-hoy-10-textos-referencia-6617
942 _cRAA
999 _c161804
_d161804